| Record ID | ia:oneatomtoanother0000mcca |
| Source | Internet Archive |
| Download MARC XML | https://archive.org/download/oneatomtoanother0000mcca/oneatomtoanother0000mcca_marc.xml |
| Download MARC binary | https://www.archive.org/download/oneatomtoanother0000mcca/oneatomtoanother0000mcca_meta.mrc |
LEADER: 00546cam a2200181 a 4500
001 87063148
003 DLC
005 20140719073909.0
008 881013s1987 stk 000 0 eng
010 $a 87063148
020 $a0948275227 (pbk.) :$c£4.95
040 $aDLC$cDLC$dDLC
050 00 $aPR6063.C315$bO6 1987
082 00 $a821/.914$219
100 1 $aMcCabe, Brian,$d1951-
245 10 $aOne atom to another /$cBrian McCabe.
260 $aEdinburgh :$bPolygon ;$aChester Springs, PA :$bU.S. distributor, Dufour Editions,$c1987.
300 $a76 p. ;$c20 cm.